| 000 | 00530nam a22001697a 4500 | ||
|---|---|---|---|
| 005 | 20231107101921.0 | ||
| 008 | 231107b |||||||| |||| 00| 0 eng d | ||
| 020 | _a409051104 | ||
| 041 | _aEnglish | ||
| 082 | _a346.43 ROR | ||
| 100 |
_aRorke, RF _lEnglish |
||
| 245 |
_aA Commentary on the Sectional Titles Act 1971 / _cRF Rorke |
||
| 260 |
_aDurban : _bButterworth and Company (Pty) Ltd, _c1972 |
||
| 300 |
_bxiii, 214 pages ; _c24,3 cm. |
||
| 650 |
_aLegal practice _bLaw |
||
| 942 |
_cBK _6ALISON_BN_VRIES |
||
| 999 |
_c363 _d363 |
||